000
00273nam a22001337a 4500
003
SGT
020
_a
978-9948-23-076-2
082
_a
370
_b
SUW
100
_a
SUWAIDI, JAMAL S.A.
245
_a
THE MIRGE
260
_a
UAE
_b
JL PUB.
_c
2015
300
_a
823
942
_2
ddc
_c
BK
999
_c
25057
_d
25057